000 00613nam a2200157 i 4500
001 70311
003 ES-MaACL
007 t|
008 040721m19811983sp ||||1| spa d
100 1 _aGarcía Rollán, Mariano.
_955211
245 1 0 _aClaves de la flora de España
_b: (Península y Baleares) /
_cMariano García Rollán ; ilustraciones del autor.
260 _aMadrid :
_bMundi-Prensa,
_c1981-83.
300 _a2 v. :
_bil. ;
_c22 cm.
505 8 _aContiene: V. I: Pteridofitas, gimnospermas, dicotiledóneas (A-J). -- V. II: Dicotiledóneas (L-Z) y monocotiledóneas
852 _aES-MaACL
_jL-4468-9
_bR.102209
999 _c70311
_d70311